000 00696nam a2200205Ia 4500
005 20260121110101.0
008 008 260114s9999 xx 000 0 hin d
020 _a9788132385387
037 _aEBOOK
040 _aCRL
_bhin
_cCRL
041 _ahin
_2hin
084 _qCRL
100 _aदीपक राज चंद्रशेखर / Deepak Raj Chandrashekhar
_9941852
245 0 _aव्यापार विफलता और मंदी / Vyapar Model ka Vishwakoosh
260 _bभाषा प्रकाशन / Bhasha Prakashan
_c2023
856 _uhttps://bhashaprakashan.com/product-details/437611
942 _cEBOOK
999 _c1533517
_d1533517